00282nam a22000857a 4500008004100000010001700041245007600058260002300134500003900157150623b xxu||||| |||| 00| 0 eng d 8HCCRSARF:006 aHIGH COURT CRIMINAL SESSION NO. 394 of 1970 Uganda Vs Okwongo s/o Oweku aHigh Court Kampala 3Before: Hon Mr. Justice E.A. Oteng